000 00665nam a2200241Ia 4500
003 OSt
005 20220918204251.0
006 a|||||r|||| 00| 0
007 ta
008 220917b |||||||| |||| 00| 0 eng d
024 _a111,795
037 _cTextual
040 _aARTS
_cARTS
_beng
041 _2eng
_aeng
082 _aV51,(22):7.D, K8
100 _aPlatthy Jeno
_9111313
245 0 _aSources on the earliest Greek libraries with the testimonia
260 _aAmsterdam
_bAdolf M Hakkert
_c1968
300 _axiii,203p.
_ccm.
650 _aHISTORY
942 _hV51,(22):7.D, K8
_cTEXL
_2CC
999 _c235144
_d235144